00896cam a22002411 450000100060000000300080000600500170001400800390003103500190007003500190008904000400010804100080014808200150015624501240017126000550029530000400035050400510039065000230044170000280046494200120049299900170050495201330052111823BD-RjUL20211208235204.0140127r19681966ilua b 001 0 eng a(BD-RjUL)11872 a(OCoLC)1089141 aDLCcOClUdOCoLCdDLCdBD-RjULbeng aeng a574.1bFRO10aFrontiers in psychology.cGeneral editor: Roger W. Russell. Contributing editors: Vytautas J. Bieliauskas [and others] aChicago :bScott, Foresman ,cc1966.[printing1968] a209 p. :billus., diagrs. ;c25 cm. aIncludes Bibliography: p. [196]-209 and index. 0aPsychology.936624 aRoger W.,Russell936625 2ddccBK c11823d11823 00102ddc40708NFICaRUCLbRUCLcStackd1981-12-22eHefferg12.40l0o574.1 FRO 1968r2014-01-27 00:00:00tC-5w2014-01-27yBK